03418nam a2200565Ia 45000010005000000080041000050100009000460410014000550820023000692450170000922600022002623000008002845200007002926300014002996300022003136300023003356300031003586300028003896500038004176900014004557000035004697000038005047000032005429010047005749020006006219030074006279040018007019050042007199060006007619070014007679080014007819090051007959100015008469110010008619120014008719130009008859140026008949150019009209160009009399170009009489180014009579190031009715201791010029210007027939220007028009230006028079240014028139420010028279990015028377446241029s9999 xx 000 0 und d a7061 aEspañol aUCSD-MGP-0272-2018 0aInserción en el mercado de trabajo de los egresados de Mantenimiento Aeroportuario del Liceo Técnico Nuestra Señora del Perpetuo Socorro, promoción 2015-2016 aDistrito Nacional a105 a64 aActitudes aCalidad Educativa aCentros Educativos aDesarrollo de los Talentos aEnseñanza-Aprendizaje aFormación Técnico Profesional aElaborado easesora García , Gilberto  eautoraAbreu , Miguel Andrés  easesoraAstacio , Martín  a{"1":"Abreu "}b{"1":"Miguel Andrés "} a2 a{"1":"Astacio ","2":" García "}b{"1":"Martín ","2":"Gilberto "} aMaestría en aPlanificación y Gestión Educativa a2 aNO APLICA aNO APLICA aUniversidad Católica de Santo Domingo (UCSD) aNULLbNULL a["1"] aNO APLICA aNULL a01 de Octubre de 2018 a02/12/19 07:12 aNULL aNULL aNO APLICA a["6","29","33","312","89"] aEl propósito principal del estudio, consistió en analizar la inserción en el mercado de trabajo de la Fuerza Aérea de la República Dominicana (FARD), los egresados de Mantenimiento Aeroportuario del Liceo Técnico Nuestra Señora del Perpetuo Socorro, promoción 2015-2016.  El estudio presentó un diseño no experimental, de carácter descriptivo, con el método inductivo. Las técnicas empleadas fueron: encuestas y revisión documental.  Se trabajó con una población muestra de 20 egresados de la promoción del año escolar 2015-2016, 8 docentes y 3 administrativo.Entre las principales conclusiones del estudio se destacó, que se manifiesta una escasa influencia e impacto de los egresados de Mantenimiento Aeroportuario en el desarrollo de la aviación civil y militar, debido a su reducida participación en la misma, reflejada en la falta de certificación profesional por las instituciones correspondientes, lo cual hace la vida laboral de esta área técnica parcialmente ineficaz, ya que la aviación es muy delicada y nadie dese poner en manos de personas no certificadas una aeronave.Las principales recomendaciones del estudio indicaron, que es de vital importancia fortalecer la vinculación centro-empresa, a través de las alianzas estratégicas interinstitucionales, firmar  acuerdos e integración de estas al proceso enseñanza-aprendizaje, particularmente con las empresas que pueden facilitar las pasantías y emplear a los egresados.  Por lo tanto,  es importante aprovechar al máximo las capacitaciones y limitaciones del mercado con estrategias innovadoras y si se hace necesario explorar otros mercados geográficos y comercialmente cercanos, como es el caso de Haití, las islas del caribe y centro américa. a63 a63 a1 aNO APLICA cTesis c7061d7061